000 00438nam a2200181Ia 4500
001 1756
005 20260306143752.0
008 260306t2008||||xx |||||||||||||| ||spa||
041 _aESP
082 _a155.282
_bC25
100 _aValente, Elba
_eAUT
245 0 _aGrafología:
_bGuía Práctica para Iniciarse
260 _c2008
300 _a208 páginas :
_c26 x 18 cm
650 _aGEN
654 _aCPS
942 _cLIB
_dJUS
_fJUS
_2ddc
_n
999 _c1756
_d1756